| 000 | 00505nam a22001937a 4500 | ||
|---|---|---|---|
| 001 | 00028710 | ||
| 005 | 20260406120151.0 | ||
| 008 | 260406b ag ||||| |||| 00| 0 spa d | ||
| 020 | _a9789500837651 | ||
| 040 |
_bspa _cAR-CcCEOS |
||
| 080 | _a82-2 | ||
| 090 | _bBLA | ||
| 100 | 1 |
_aBlanco, Cecilia _91022 |
|
| 245 |
_aZipo : _bel dragón / _cCecilia Blanco |
||
| 260 |
_aBuenos Aires : _bAtlántida. |
||
| 300 |
_a16 p. : _bil. a col. ; _c24x24 cm. |
||
| 650 | 0 | _aliteratura infantil | |
| 942 |
_2udc _cBK |
||
| 999 |
_c28743 _d28743 |
||
| 945 |
_a66467 _bMelina Rolando _c66467 _dMelina Rolando |
||